| 000 | 00619nam a2200193 i 4500 | ||
|---|---|---|---|
| 001 | bg | ||
| 245 | 0 |
_aThe agricultural outlook 1995-2000 / _cOrganisation for Economic Co-operation and Development. |
|
| 260 |
_aParis : _bOECD, _c1995. |
||
| 300 |
_a98 s. : _bwykr. ; _c28 cm. |
||
| 610 | 2 | 9 | _aOrganizacja Współpracy Gospodarczej i Rozwoju |
| 650 | 9 |
_aRolnictwo _xprognozy _xstatystyka _zkraje gospodarczo rozwinięte |
|
| 020 | _a9264143890 | ||
| 040 | _cBPK | ||
| 041 | 0 | _afra | |
| 080 | _a63.001.18(100.3-67OECD)(083.41) | ||
| 920 | _a92-64-14389-0 | ||
| 942 | _cKS | ||
| 008 | s pl f |000 0 pol | ||
| 999 |
_c31437 _d31437 |
||
| 856 |
_uhttp://koha.tu.koszalin.pl/cgi-bin/koha/opac-detail.pl?biblionumber=31437 _yKatalog online BPK |
||